Menová politika Európskej centrálnej banky

ECB a jej úloha v krízovom období i mimo krízy. Uplatňovanie neštandardných opatrení v čase krízy. Na jar 2015 ECB spustila program kvantitatívneho uvoľňovania. Súčasná menová politika.

Uložené v:
Podrobná bibliografia
Hlavný autor: Gonda, Vladimír
Médium: Kapitola
Jazyk:Slovak
Predmet:
Tagy: Pridať tag
Žiadne tagy, Buďte prvý, kto otaguje tento záznam!

MARC

LEADER 00000naa$a2200000$$$4500
001 0237210
005 20240712111052.5
041 0 |a slo 
044 |a PL 
245 1 0 |a Menová politika Európskej centrálnej banky  |c Vladimír Gonda 
520 |a ECB a jej úloha v krízovom období i mimo krízy. Uplatňovanie neštandardných opatrení v čase krízy. Na jar 2015 ECB spustila program kvantitatívneho uvoľňovania. Súčasná menová politika. 
610 2 0 |a Európska centrálna banka 
610 2 0 |a politika menová 
610 2 0 |a kríza finančná 
610 2 0 |a recesia 
610 2 0 |a uvoľňovanie kvanttatívne 
100 1 |a Gonda, Vladimír